00474cam a2200169ua 45000010005000000080039000050200017000440400009000610410008000700820012000781000039000902450082001292500009002112600048002203000017002686530019002855252150212n ii |||gr||||Z||||||eng a019-562867-5 cMAIN aeng a821.954 aMehrotra, Arvind Krishna,eEditor, aThe oxford india anthology of twelve modern poetscby Arvind Krishna Mehrotra a9th. aNew Delhi:bOxford University press,c2003. a182p:c23cm. aEnglish poetry